Biblioteka Instytutu Północnego w Olsztynie

Katalog wydawnictw IPN dotyczących II wojny światowej / (Rekord nr 27468)

Szczegóły MARC
000 -Nagłówek
fixed length control field 02053cam a2200469 i 4500
001 - Nr kontrolny bibl., która utworzyła rek.
control field xx004748457
003 - Siglum bibl., której nr kontr. jest w 001
control field NUKAT
005 - Data i czas ostatniej operacji
control field 20260410062659.0
008 - Elementy pola stałej długości
fixed length control field 191118s2019 pl a b |010 0 pol c
020 ## - ISBN
ISBN 9788380987098
dopowiedzenie (oprawa miękka)
035 ## - Systemowy numer kontrolny
systemowy numer kontrolny (OCoLC)1129953499
035 ## - Systemowy numer kontrolny
systemowy numer kontrolny (NUKAT)xx004748457
040 ## - Instytucja sporządzająca opis
Instytucja, która sporządziła opis KR PAU/MU
język katalgowania-trzyzn. kod pol
zasady opisu rda
Instytucja, która sporządziła rekord KR PAU/MUs
Instytucja, która zmodyfikowała rekord OLSZT 008/bak
045 2# - Okres czasu dla zawartości
czas między r. 9999 pne a nasz. czas. d1939
-- d1945
046 ## - Kod rodz. daty, data1, data2 (daty pne)
Begin/single date 2019
110 2# - Hasło główne-nazwa ciała zbiorowego
Naz. ciała zbior. lub naz. geogr. Instytut Pamięci Narodowej - Komisja Ścigania Zbrodni przeciwko Narodowi Polskiemu.
rodzaj współpracy Autor
-- Wydawca
9 (RLIN) 11792
245 10 - Tytuł właściwy i oznaczenie odpow.
tytuł Katalog wydawnictw IPN dotyczących II wojny światowej /
dod. inf. ze s. tyt./ozn. odpow. Instytut Pamięci Narodowej - Komisja Ścigania Zbrodni przeciwko Narodowi Polskiemu.
246 30 - Inne formy tytułu, wariant tytułu
tytuł Katalog wydawnictw Instytutu Pamięci Narodowej dotyczących drugiej wojny światowej
260 ## - Adres wydawniczy
miejsce wydania, dystrybucji itp. Warszawa :
nazwa wydawcy, dystrybutora itp. Instytut Pamięci Narodowej - Komisja Ścigania Zbrodni przeciwko Narodowi Polskiemu,
data wydania, dystrybucji itp. 2019.
300 ## - Opis fizyczny
objętość i/lub forma materiału 167, [1] strona :
inne szczegóły opisu fizycznego ilustracje kolorowe ;
format 21 x 21 cm.
336 ## - Content Type
Term Tekst
Code txt
Source rdacontent
337 ## - Media Type
Term Bez urządzenia pośredniczącego
Code n
Source rdamedia
338 ## - Carrier Type
Term Wolumin
Code nc
Source rdacarrier
380 ## - Form of work
Form of work Książki
380 ## - Form of work
Form of work Publikacje informacyjne
388 1# - TIME PERIOD OF CREATION
Time period of creation term 2001-
500 ## - Uwaga ogólna
uwaga ogólna U góry okładki: 80 rocznica.
530 ## - Uwaga o dod. formie fiz. materiału
uwaga o dodatkowej fizycznej formie dokumentu Dostępne również w formie elektronicznej.
610 27 - Hasło przedmiotowe-nazwa ciała zbior.
nazwa ciała zbior. lub geogr. Instytut Pamięci Narodowej - Komisja Ścigania Zbrodni przeciwko Narodowi Polskiemu.
określnik formy bibliografia
-- katalogi.
źródło hasła kaba
9 (RLIN) 11792
610 27 - Hasło przedmiotowe-nazwa ciała zbior.
nazwa ciała zbior. lub geogr. Instytut Pamięci Narodowej
źródło hasła DBN
9 (RLIN) 39618
648 #7 - SUBJECT ADDED ENTRY--CHRONOLOGICAL TERM
Chronological term 1901-2000
Source of heading or term DBN
9 (RLIN) 34996
648 #7 - SUBJECT ADDED ENTRY--CHRONOLOGICAL TERM
Chronological term 1939-1945
Source of heading or term DBN
9 (RLIN) 36042
650 #7 - Hasło przedmiotowe-nazwa pospolita
nazwa pospolita lub geogr. II wojna światowa (1939-1945)
źródło hasła DBN
9 (RLIN) 35099
651 #7 - Hasło przedmiotowe-nazwa geogr.
nazwa geograficzna Polska
źródło hasła DBN
9 (RLIN) 35076
655 #7 - Termin określający rodzaj/formę
rodzaj/forma Katalog wydawniczy
źródło terminu DBN
9 (RLIN) 39617
658 ## - Nazwa określająca cel programu nauczania
główny cel programu nauczania Historia
856 41 - Elektroniczne źródła danych i spos. dost.
URL (Uniform Resource Locator) <a href="https://ipn.gov.pl/pl/publikacje/katalog-publikacji/80037,Katalog-wydawnictw-IPN-dotyczacych-II-wojny-swiatowej.html">https://ipn.gov.pl/pl/publikacje/katalog-publikacji/80037,Katalog-wydawnictw-IPN-dotyczacych-II-wojny-swiatowej.html</a>
920 ## - ISBN
ISBN 978-83-8098-709-8 (oprawa miękka)
942 ## - ADDED ENTRY ELEMENTS (KOHA)
Source of classification or shelving scheme Dewey Decimal Classification
Koha item type pozycje dostępne na miejscu
Egzemplarze
Status wycofania Status zagubienia Klasyfikacja Status uszkodzenia Blokada wypożyczeń Kolekcja Lokalizacja macierzysta Lokalizacja bieżąca Data nabycia Numer akcesji Źródło akcesji Cena Nr inwentarzowy il. wypożyczeń Sygnatura Kod kreskowy Date last seen Price effective from Typ egz.
    Dewey Decimal Classification nieuszkodzona   książka w magazynie Biblioteka Instytutu Północnego w Olsztynie Biblioteka Instytutu Północnego w Olsztynie 25/11/2019 D-38/2019 dar 15.00 59852   59852 IPWK21551 08/04/2026 08/04/2026 pozycje dostępne na miejscu
Biblioteka Instytutu Północnego, ul. Partyzantów 87, 10-402 Olsztyn, email: biblioteka(at)ip.olsztyn.pl